Platicas predicadas por el P. D. Nicolas Gallo, presbítero de la Congregacion del salvador del mundo de Madrid de órden y á presencia del ... D. Diego de Astorga, cardenal de la iglesia, y arzobispo de Toledo, á los de Madrid y del arzobispado; en que todas sus obligaciones en quanto y confesores, con una instruccion correspondiente á cada uno de estos ministros ; las da a luz Don Francisco Ignacio de Cortines Reales Acequias de Xarama y Colegio de esta corte, individuo de ... económica matritense de amigo ...

Detalles Bibliográficos
Autor principal: Gallo, Nicolás fl. 1750
Otros Autores: Cortines, Francisco Igancio de (ed.)
Formato: Libro
Lenguaje:Spanish
Publicado: Madrid 1778
Materias:
Colección:Banco de datos
Acervo:Biblioteca de la Congregación del Oratorio de San Felipe Neri de México. Iglesia La Profesa
Descripción Física:8 t. 4°
Tema general:Homilética
Notas:Portada tipográfica con plecas y monograma del impresor en grabado xilográfico. Texto a renglón seguido con notas a pie de página. Incluye cabecera de título en grabado xilográfico. Incluye capitular en grabado xilográfico. Tomo con portada y numeración propias. Año del t. 4 publicado en 1778. Paginación: t. 4 [4] h., 374 p. Encuadernación en piel sobre cartón. Sello en tinta del Oratorio de San Felipe Neri de México. Biblioteca La Profesa, D.F. Daños de humedad y en la encuadernación
LEADER 01587nam a22001930004500
035 |a 3188 
041 0 |a spa 
100 1 |a Gallo, Nicolás  |d fl. 1750 
245 1 0 |a Platicas predicadas por el P. D. Nicolas Gallo, presbítero de la Congregacion del salvador del mundo de Madrid de órden y á presencia del ... D. Diego de Astorga, cardenal de la iglesia, y arzobispo de Toledo, á los de Madrid y del arzobispado; en que todas sus obligaciones en quanto y confesores, con una instruccion correspondiente á cada uno de estos ministros ; las da a luz Don Francisco Ignacio de Cortines Reales Acequias de Xarama y Colegio de esta corte, individuo de ... económica matritense de amigo ... 
260 |a Madrid  |b por D. Manuel Martin  |c 1778 
300 |a 8 t.  |c 4° 
500 |a Portada tipográfica con plecas y monograma del impresor en grabado xilográfico. Texto a renglón seguido con notas a pie de página. Incluye cabecera de título en grabado xilográfico. Incluye capitular en grabado xilográfico. Tomo con portada y numeración propias. Año del t. 4 publicado en 1778. Paginación: t. 4 [4] h., 374 p. Encuadernación en piel sobre cartón. Sello en tinta del Oratorio de San Felipe Neri de México. Biblioteca La Profesa, D.F. Daños de humedad y en la encuadernación 
504 |a Índice de contenido 
650 1 0 |a Homilética 
700 1 |a Cortines, Francisco Igancio de  |e ed. 
949 |a Iglesia La Profesa, Biblioteca t. 4 (7044) 
942 |c PROFESA 
943 |g Biblioteca de la Congregación del Oratorio de San Felipe Neri de México. Iglesia La Profesa 
999 |c 949999  |d 949999